000 02941nam a22004337a 4500
005 20240201072851.0
008 240201b |||||||| |||| 00| 0 eng d
020 _a9788132216896
040 _aDLC
_beng
_epn
_cKMU
_dKMU
050 _aTP 248.P47 Tar
100 1 _aDe, Arnab,
_eauthor.
245 1 0 _aTargeted Delivery of Pesticides Using Biodegradable Polymeric Nanoparticles /
_cby Arnab De, Rituparna Bose, Ajeet Kumar, Subho Mozumdar.
250 _a1st ed. 2014.
264 1 _aNew Delhi :
_bSpringer India :
_bImprint: Springer,
_c2014.
300 _a1 online resource (XXIII, 99 pages 24 illustrations)
336 _atext
_btxt
_2rdacontent
337 _acomputer
_bc
_2rdamedia
338 _aonline resource
_bcr
_2rdacarrier
347 _atext file
_bPDF
_2rda
490 1 _aSpringerBriefs in Molecular Science,
_x2191-5407
505 0 _aIntroduction -- World-wide Pesticide Use -- Pesticide Application in India -- Food Contamination and Wastage by Insects -- Pesticide Formulations -- Trends and Limitations in Chemical-based Pest Management -- Biological Control of Insect Pests -- Management of Insect-pests Using Nanotechnology as Modern Approaches -- A Brief Overview of Nanotechnology -- Nanoparticulate Delivery Systems -- Nanoparticulate Formulations for Pesticide Applications -- Characterization and in vitro Release Techniques for Nanoparticulate Systems -- Reference.
520 _aThe brief is the first to focus exclusively on environmentally friendly delivery of pesticides (controlled-release nanoparticulate formulation of pesticides using biodegradable polymers as carriers). The brief also introduces pesticides like Chlorpyrifos and biodegradable polymers like guar-gum. The brief will be extremely useful to the researchers in the field of agrochemicals and will be equally useful for advanced professionals in the field of biology, chemistry, environmental biology, entomology and horticulture.
588 _aDescription based on publisher-supplied MARC data.
650 0 _aBioorganic chemistry.
650 0 _aEnvironmental chemistry.
650 0 _aNanochemistry.
650 1 4 _aBioorganic Chemistry.
_0https://scigraph.springernature.com/ontologies/product-market-codes/C19010
650 2 4 _aEnvironmental Chemistry.
_0https://scigraph.springernature.com/ontologies/product-market-codes/U15000
650 2 4 _aNanochemistry.
_0https://scigraph.springernature.com/ontologies/product-market-codes/C33000
700 1 _aBose, Rituparna,
_eauthor.
700 1 _aKumar, Ajeet,
_eauthor.
700 1 _aMozumdar, Subho,
_eauthor.
776 0 8 _iPrint version:
_tTargeted delivery of pesticides using biodegradable polymeric nanoparticles.
_z9788132216889
_w(DLC) 2013951797
776 0 8 _iPrinted edition:
_z9788132216889
776 0 8 _iPrinted edition:
_z9788132216902
830 0 _aSpringerBriefs in Molecular Science,
_x2191-5407
906 _a0
_bibc
_corigres
_du
_encip
_f20
_gy-gencatlg
942 _2lcc
_cBK
_n0
999 _c938
_d938